Teoretická mechanika v príkladoch 1. časť

Bibliographic Details
Main Author: Balažovjech, Vojtech, 1908-1976 (Author)
Format: Book
Language:Slovak
PhysicalDescription:197, [1] s. ilustr., sch., tab. 4°
Published: Bratislava Slovenská vysoká škola technická 1967
Subjects:

MARC

LEADER 00000cam a2200000 a 4500
001 vtls008343807
003 SK-MaSNL
005 20260301094218.0
008 190102s1967 xo np 000 slo
015 |a SNBA1967/10-01743 
020 |q (brož.) 
035 |a SK01SNK19670036024 
035 |a SKM000038487 
040 |a SNK  |b slo  |c SNK  |e AACR2 
041 1 |a slo 
044 |a xo  |c SK 
080 |a 531/534(075.8)(076.5)  |2 1981 
100 1 |a Balažovjech, Vojtech,  |d 1908-1976  |4 aut  |9 37251 
245 1 0 |a Teoretická mechanika v príkladoch  |n 1. časť  |c Vojtech Balažovjech a kol. 
260 |a Bratislava  |b Slovenská vysoká škola technická  |c 1967 
300 |a 197, [1] s.  |b ilustr., sch., tab.  |c 4° 
366 |e 300 výtl. 
504 |a Obsahuje bibliografiu 
650 0 7 |a teoretická mechanika  |2 SNKPH  |9 87903 
655 7 |a učebnice vysokých škôl  |2 SNKPH  |9 70191 
655 7 |a zbierky príkladov  |2 SNKPH  |9 280390 
852 |a Slovenská národná knižnica 
954 |a odborná, vedecká literatúra pôvodná (slovenská)  |2 lita 
958 |a OND 
958 |a NB 
958 |a UV 
958 |a RK 
999 |c 679613  |d 681543 
952 |a SNK  |b SNK  |y PREZ  |7 0  |o snkSB 13746  |0 0  |1 0  |4 0  |d 2025-03-17  |l 0  |r 2026-02-23 19:53:12  |w 2026-02-23 
952 |a SNK  |b SNK  |y VYP  |7 0  |o snkSB 13746 D1  |0 0  |1 0  |4 0  |d 2025-03-17  |l 0  |r 2026-02-23 19:53:12  |w 2026-02-23